[Event "OP-2023-0-05375"]
[Site "LSS email"]
[Date "2023.02.06"]
[Round "?"]
[White "Csoma, Robert"]
[Black "Widelski, Kacper"]
[Result "0-1"]
[WhiteElo "1001"]
[BlackElo "1867"]
[PlyCount "28"]
[EventDate "2023.01.30"]
[EventType "tourn (corr)"]
[EventRounds "4"]
[EventCountry "GER"]
[SourceTitle "Corr 2024"]
[Source "ChessBase"]
[SourceDate "2023.10.19"]
[SourceVersion "1"]
[SourceVersionDate "2023.10.19"]
[SourceQuality "1"]

1. d4 Nf6 2. Nc3 d5 3. Bg5 Nbd7 4. Qd3 h6 5. Bh4 c5 6. 0-0-0 c4 7. Qf3 g5 8. Bg3 Qa5 9. Kb1 h5 10. h4 g4 11. Qe3 b5 12. Ka1 b4 13. Nb1 Ne4 14. Bf4 e5 0-1

[Event "EU-ch Blitz"]
[Site "Katowice"]
[Date "2021.12.17"]
[Round "1"]
[White "Widelski, Kacper"]
[Black "Szwed, Jacek"]
[Result "0-1"]
[WhiteElo "1867"]
[BlackElo "2355"]
[PlyCount "44"]
[EventDate "2021.12.17"]
[EventType "swiss (blitz)"]
[EventRounds "22"]
[EventCountry "POL"]
[SourceTitle "CBM 205 Extra"]
[Source "ChessBase"]
[SourceDate "2022.01.31"]
[SourceVersion "1"]
[SourceVersionDate "2022.01.31"]
[SourceQuality "1"]

1. c4 c5 2. g3 g6 3. Bg2 Bg7 4. Nc3 Nc6 5. d3 e5 6. e3 Nge7 7. Nge2 0-0 8. 0-0 d6 9. a3 Be6 10. Nd5 Qd7 11. Rb1 Bh3 12. b4 Bxg2 13. Kxg2 Nxd5 14. cxd5 Ne7 15. e4 b6 16. Bd2 f5 17. f3 Rf7 18. bxc5 dxc5 19. Qb3 Nc8 20. Nc3 Nd6 21. Nd1 c4 22. dxc4 fxe4 0-1

[Event "Bialystok Zamenhof Memorial-C 35th"]
[Site "Bialystok"]
[Date "2017.12.28"]
[Round "3.8"]
[White "Bancarewicz, Aleks"]
[Black "Widelski, Kacper"]
[Result "0-1"]
[WhiteElo "1691"]
[BlackElo "1914"]
[PlyCount "57"]
[EventDate "2017.12.27"]
[EventType "swiss"]
[EventRounds "9"]
[EventCountry "POL"]
[SourceTitle "EXT 2023"]
[Source "ChessBase"]
[SourceDate "2022.10.05"]
[SourceVersion "1"]
[SourceVersionDate "2022.10.05"]
[SourceQuality "1"]

1. e4 c5 2. Nf3 Nc6 3. d4 cxd4 4. Nxd4 Nf6 5. Nc3 e5 6. Ndb5 d6 7. Bg5 a6 8. Na3 b5 9. Bxf6 gxf6 10. Nd5 f5 11. exf5 Bxf5 12. c3 Bg7 13. Nc2 0-0 14. Nce3 Be6 15. Bd3 f5 16. a4 bxa4 17. Qxa4 Ne7 18. Bc4 Nxd5 19. Bxd5 Bxd5 20. Nxd5 a5 21. 0-0 Kh8 22. Rfd1 Rg8 23. Qc6 Bf8 24. Nc7 Rc8 25. Ne6 Rxc6 26. Nxd8 Ra6 27. Ne6 Be7 28. Nc7 Bd8 29. Rd3 0-1

[Event "Suwalki Warakomska Memorial-B 1st"]
[Site "Suwalki"]
[Date "2017.08.13"]
[Round "3"]
[White "Widelski, Kacper"]
[Black "Krasiewicz, Robert"]
[Result "1-0"]
[WhiteElo "1880"]
[BlackElo "2031"]
[PlyCount "57"]
[EventDate "2017.08.11"]
[EventType "swiss"]
[EventRounds "9"]
[EventCountry "POL"]
[SourceTitle "CBM 180 Extra"]
[Source "ChessBase"]
[SourceDate "2017.10.06"]
[SourceVersion "1"]
[SourceVersionDate "2017.10.06"]
[SourceQuality "1"]

1. d4 f5 2. c4 d6 3. Nc3 Nf6 4. Nf3 g6 5. Qc2 Bg7 6. Bf4 0-0 7. e3 Nc6 8. Rd1 Bd7 9. Be2 Qe8 10. Nd5 Qc8 11. 0-0 Ne4 12. c5 e6 13. Nc3 e5 14. dxe5 dxe5 15. Bg3 Nxc5 16. Nd5 Ne4 17. Bxe5 Rf7 18. Bxg7 Kxg7 19. Bd3 Nd6 20. Ng5 Rf8 21. Qc3+ Kh6 22. f4 Ne4 23. Bxe4 fxe4 24. Nxe4 Bg4 25. Rde1 Rd8 26. Nef6 Be6 27. e4 a5 28. f5 Bxd5 29. exd5 1-0

[Event "Bialystok Bieluczyk Memorial 7th"]
[Site "Bialystok"]
[Date "2015.??.??"]
[Round "2"]
[White "Kaminski, Maciej"]
[Black "Widelski, Kacper"]
[Result "0-1"]
[WhiteElo "1700"]
[BlackElo "1808"]
[PlyCount "86"]
[EventDate "2015.06.27"]
[EventType "swiss"]
[EventRounds "9"]
[EventCountry "POL"]
[SourceTitle "CBM 167 Extra"]
[Source "ChessBase"]
[SourceDate "2015.09.14"]
[SourceVersion "1"]
[SourceVersionDate "2015.09.14"]
[SourceQuality "1"]

1. e4 c5 2. Nf3 Nc6 3. d4 cxd4 4. Nxd4 Nf6 5. Nc3 e5 6. Ndb5 d6 7. Bg5 a6 8. Na3 b5 9. Nd5 Be7 10. Bxf6 Bxf6 11. c3 0-0 12. Nc2 Bg5 13. a4 Rb8 14. axb5 axb5 15. Bd3 Ne7 16. Nce3 f5 17. Nxe7+ Qxe7 18. Nxf5 Bxf5 19. exf5 e4 20. Be2 Rxf5 21. 0-0 Bf6 22. Qb3+ Qf7 23. Qxf7+ Kxf7 24. Rfd1 Rb6 25. Ra7+ Kg6 26. Bg4 Rc5 27. Be6 b4 28. cxb4 Rxb4 29. b3 Rd4 30. Bf7+ Kf5 31. Raa1 d5 32. Rxd4 Bxd4 33. Rb1 Ke5 34. Bh5 Rc2 35. Rf1 Rb2 36. Bd1 Bb6 37. g3 d4 38. f4+ Kd5 39. Re1 d3+ 40. Kh1 e3 41. Bf3+ Kd4 42. Bg4 e2 43. Kg2 Ba5 0-1

[Event "Kresowy 6th"]
[Site "Sokolka"]
[Date "2015.??.??"]
[Round "1"]
[White "Kopaczewski, Zbigniew"]
[Black "Widelski, Kacper"]
[Result "0-1"]
[WhiteElo "1510"]
[BlackElo "1808"]
[PlyCount "40"]
[EventDate "2015.07.06"]
[EventType "tourn"]
[EventRounds "7"]
[EventCountry "POL"]
[SourceTitle "EXT 2018"]
[Source "ChessBase"]
[SourceDate "2017.10.13"]
[SourceVersion "1"]
[SourceVersionDate "2017.10.13"]
[SourceQuality "1"]

1. g3 d5 2. e3 e5 3. d4 exd4 4. Qxd4 Nf6 5. Ne2 Be7 6. Bg2 0-0 7. Nd2 Bf5 8. Qa4 Qc8 9. 0-0 Na6 10. Nd4 Bh3 11. c4 Bxg2 12. Kxg2 c5 13. N4f3 Nb4 14. Qb3 Rd8 15. cxd5 Rxd5 16. a3 Nc6 17. Nc4 Qd7 18. Qc2 b5 19. e4 Rh5 20. Ne3 Qh3+ 0-1

[Event "Bialystok-ch"]
[Site "Bialystok"]
[Date "2015.??.??"]
[Round "1"]
[White "Kosakowski, Jakub"]
[Black "Widelski, Kacper"]
[Result "0-1"]
[WhiteElo "2191"]
[BlackElo "1744"]
[PlyCount "112"]
[EventDate "2015.05.01"]
[EventType "swiss"]
[EventRounds "9"]
[EventCountry "POL"]
[SourceTitle "CBM 166 Extra"]
[Source "ChessBase"]
[SourceDate "2015.06.18"]
[SourceVersion "1"]
[SourceVersionDate "2015.06.18"]
[SourceQuality "1"]

1. e4 c5 2. Nf3 Nc6 3. d4 cxd4 4. Nxd4 Nf6 5. Nc3 e5 6. Ndb5 d6 7. Bg5 a6 8. Na3 b5 9. Nd5 Be7 10. Bxf6 Bxf6 11. c4 b4 12. Nc2 Rb8 13. b3 0-0 14. g3 Bg5 15. h4 Bh6 16. Bh3 g6 17. h5 Bg7 18. Bxc8 Qxc8 19. hxg6 hxg6 20. Nde3 Nd4 21. Kf1 f5 22. Nxd4 exd4 23. exf5 Qb7 24. Nd5 Rxf5 25. Qg4 Qf7 26. f4 Rxd5 27. cxd5 Qxd5 28. Rh2 Qb5+ 29. Kg1 Qf5 30. Qxf5 gxf5 31. Rc1 Rb5 32. Rc6 Rd5 33. Rxa6 d3 34. Rd2 Bc3 35. Rd1 d2 36. Kf2 Kf7 37. Ke2 Rd4 38. Rc6 d5 39. a4 Re4+ 40. Kd3 d4 41. Rh6 Re1 42. Rh1 Ke6 43. a5 Kd5 44. Rg1 Re3+ 45. Kc2 d3+ 46. Kb1 Re1 47. g4 Re6 48. gxf5 Ra6 49. f6 Rxf6 50. Rdf1 Ke4 51. f5 Ra6 52. Rg8 Rxa5 53. Re8+ Kd5 54. Rd8+ Ke5 55. Rxd3 Ra1+ 56. Kc2 Rxf1 0-1

[Event "Bialystok Bieluczyk Memorial 7th"]
[Site "Bialystok"]
[Date "2015.??.??"]
[Round "7"]
[White "Widelski, Kacper"]
[Black "Cylwik, Zbigniew"]
[Result "1/2-1/2"]
[WhiteElo "1808"]
[BlackElo "1871"]
[PlyCount "87"]
[EventDate "2015.06.27"]
[EventType "swiss"]
[EventRounds "9"]
[EventCountry "POL"]
[SourceTitle "CBM 167 Extra"]
[Source "ChessBase"]
[SourceDate "2015.09.14"]
[SourceVersion "1"]
[SourceVersionDate "2015.09.14"]
[SourceQuality "1"]

1. e4 d5 2. exd5 Qxd5 3. Nc3 Qd8 4. d4 Nf6 5. Nf3 e6 6. Bc4 a6 7. Bg5 Be7 8. Qe2 0-0 9. 0-0 b5 10. Bb3 Bb7 11. Rad1 Re8 12. Ne5 Nd5 13. Bc1 Bf6 14. f4 Nc6 15. Qh5 g6 16. Qh3 Bg7 17. Ne4 f6 18. Nc5 Na5 19. Nxe6 Qc8 20. Nxg7 Qxh3 21. gxh3 Kxg7 22. Bxd5 Bxd5 23. Nd3 Nc4 24. Rfe1 Kf7 25. Kf2 Nd6 26. Nc5 a5 27. Rxe8 Rxe8 28. Re1 Rxe1 29. Kxe1 Nf5 30. c3 Bxa2 31. Kd2 Bd5 32. Nd3 Nh4 33. Kd1 Ke6 34. Bd2 Nf5 35. Be1 Be4 36. Kd2 Bxd3 37. Kxd3 Kd5 38. b3 a4 39. c4+ bxc4+ 40. bxc4+ Kc6 41. d5+ Kd7 42. Bc3 Ke7 43. Bb4+ Kd7 44. Bc3 1/2-1/2

[Event "Bialystok Bieluczyk Memorial 7th"]
[Site "Bialystok"]
[Date "2015.??.??"]
[Round "3"]
[White "Widelski, Kacper"]
[Black "Dolata, Marcin"]
[Result "1-0"]
[WhiteElo "1808"]
[BlackElo "1428"]
[PlyCount "43"]
[EventDate "2015.06.27"]
[EventType "swiss"]
[EventRounds "9"]
[EventCountry "POL"]
[SourceTitle "CBM 167 Extra"]
[Source "ChessBase"]
[SourceDate "2015.09.14"]
[SourceVersion "1"]
[SourceVersionDate "2015.09.14"]
[SourceQuality "1"]

1. e4 e5 2. Nf3 Nc6 3. Bc4 Bc5 4. 0-0 Nf6 5. d4 Bxd4 6. Nxd4 Nxd4 7. Bg5 h6 8. Bh4 d6 9. f4 Nc6 10. f5 Qe7 11. Nc3 Na5 12. Nd5 Qd8 13. Nxf6+ gxf6 14. Bxf7+ Kxf7 15. Qd5+ Ke7 16. Qxa5 Qd7 17. Rf3 Qc6 18. Rc3 Qxe4 19. Qxc7+ Bd7 20. Bxf6+ Kxf6 21. Qxd6+ Kxf5 22. Qxd7+ 1-0

[Event "Bialystok-ch"]
[Site "Bialystok"]
[Date "2015.??.??"]
[Round "4"]
[White "Widelski, Kacper"]
[Black "Kalinowska, Zuzanna"]
[Result "0-1"]
[WhiteElo "1744"]
[BlackElo "1821"]
[PlyCount "42"]
[EventDate "2015.05.01"]
[EventType "swiss"]
[EventRounds "9"]
[EventCountry "POL"]
[SourceTitle "CBM 166 Extra"]
[Source "ChessBase"]
[SourceDate "2015.06.18"]
[SourceVersion "1"]
[SourceVersionDate "2015.06.18"]
[SourceQuality "1"]

1. d4 Nf6 2. c4 e6 3. Nc3 Bb4 4. e3 b6 5. Nge2 Bb7 6. f3 c5 7. a3 Bxc3+ 8. bxc3 0-0 9. e4 d6 10. Bg5 Nbd7 11. d5 Qe7 12. Kf2 Nxe4+ 13. fxe4 Qxg5 14. Qc1 Qxc1 15. Rxc1 Ne5 16. Nf4 Ba6 17. Nd3 Nd7 18. Ne1 Rae8 19. Kg3 Ne5 20. Nd3 Nxd3 21. Bxd3 exd5 0-1

[Event "Kresowy 6th"]
[Site "Sokolka"]
[Date "2015.??.??"]
[Round "2"]
[White "Widelski, Kacper"]
[Black "Kozaczynska, Aleksandra"]
[Result "1-0"]
[WhiteElo "1808"]
[BlackElo "1611"]
[PlyCount "95"]
[EventDate "2015.07.06"]
[EventType "tourn"]
[EventRounds "7"]
[EventCountry "POL"]
[SourceTitle "EXT 2018"]
[Source "ChessBase"]
[SourceDate "2017.10.13"]
[SourceVersion "1"]
[SourceVersionDate "2017.10.13"]
[SourceQuality "1"]

1. e4 c5 2. Nf3 d6 3. d4 cxd4 4. Nxd4 Nf6 5. Nc3 g6 6. Bc4 Bg7 7. Bg5 Nbd7 8. Qe2 a6 9. 0-0-0 Ne5 10. Bb3 0-0 11. f4 Bg4 12. Nf3 Nxf3 13. gxf3 Be6 14. e5 Ne8 15. Bxe6 fxe6 16. exd6 Nxd6 17. Qxe6+ Rf7 18. Nd5 Bf8 19. Rhe1 Qc8 20. Nxe7+ Bxe7 21. Bxe7 Nf5 22. Rd8+ Qxd8 23. Bxd8 Rxd8 24. Rd1 Rdf8 25. Rd7 Nh4 26. Rxb7 Nxf3 27. Rxf7 Rxf7 28. Qd5 Nh4 29. c4 Nf5 30. Qa8+ Kg7 31. Qxa6 Ne7 32. Qd6 Nf5 33. Qe5+ Kg8 34. c5 Ne7 35. c6 Kf8 36. Qb8+ Kg7 37. c7 Rf8 38. a4 Nc8 39. a5 Kf7 40. a6 Ke7 41. a7 Nxa7 42. Qxa7 Rc8 43. Kd2 Kd7 44. Qd4+ Kxc7 45. Qg7+ Kb6 46. Qxh7 Rc6 47. f5 gxf5 48. Qxf5 1-0

[Event "Bialystok Bieluczyk Memorial 7th"]
[Site "Bialystok"]
[Date "2015.??.??"]
[Round "1"]
[White "Widelski, Kacper"]
[Black "Piankov, Evgenij"]
[Result "0-1"]
[WhiteElo "1808"]
[BlackElo "2287"]
[PlyCount "124"]
[EventDate "2015.06.27"]
[EventType "swiss"]
[EventRounds "9"]
[EventCountry "POL"]
[SourceTitle "CBM 167 Extra"]
[Source "ChessBase"]
[SourceDate "2015.09.14"]
[SourceVersion "1"]
[SourceVersionDate "2015.09.14"]
[SourceQuality "1"]

1. e4 c6 2. d4 d5 3. e5 Bf5 4. Nd2 e6 5. g4 Bg6 6. Ne2 Be7 7. Ng3 c5 8. c3 cxd4 9. cxd4 Nc6 10. Bb5 Qb6 11. Bxc6+ bxc6 12. Nb3 a5 13. f4 f6 14. f5 Bf7 15. fxe6 Bxe6 16. Nh5 Bb4+ 17. Bd2 Ra7 18. exf6 Nxf6 19. Nxf6+ gxf6 20. Bc3 0-0 21. Qf3 Bc8 22. 0-0-0 Bxc3 23. Qxc3 Bxg4 24. Rdg1 Rg7 25. h3 Bf5 26. Rxg7+ Kxg7 27. Qxa5 Qb8 28. Rg1+ Bg6 29. Qc3 Qf4+ 30. Nd2 Re8 31. Rf1 Qh4 32. b3 Re2 33. a4 Qg5 34. a5 Re3 35. Qxc6 Rxb3 36. Qc7+ Kh6 37. Qf4 Rc3+ 38. Kb2 Rc2+ 39. Kb3 Rxd2 40. a6 Qxf4 41. Rxf4 Rd1 42. Rxf6 Ra1 43. Kb4 Kg7 44. Rd6 Kf8 45. Kb5 Bd3+ 46. Kc5 Ra5+ 47. Kb4 Rxa6 48. Rxd5 Rh6 49. Re5 Rxh3 50. d5 Bg6 51. Kc5 Be8 52. Kb6 Rf3 53. d6 Rf7 54. Kc5 Rb7 55. Rf5+ Kg7 56. Kc4 Rf7 57. Re5 Bd7 58. Re4 h5 59. Kd4 Kg6 60. Kc5 Rh7 61. Re7 Rxe7 62. dxe7 Be8 0-1

[Event "Sokolka op 5th"]
[Site "Sokolka"]
[Date "2014.07.15"]
[Round "8"]
[White "Widelski, Kacper"]
[Black "Vasiliauskas, Domas"]
[Result "1-0"]
[WhiteElo "1688"]
[BlackElo "1505"]
[PlyCount "50"]
[EventDate "2014.07.08"]
[EventType "swiss"]
[EventRounds "9"]
[EventCountry "POL"]
[SourceTitle "CBM 161 Extra"]
[Source "ChessBase"]
[SourceDate "2014.08.29"]
[SourceVersion "1"]
[SourceVersionDate "2014.08.29"]
[SourceQuality "1"]

1. c4 e5 2. Nc3 Nf6 3. g3 Nc6 4. Bg2 d6 5. d3 Be6 6. e3 Be7 7. Nge2 Qd7 8. 0-0 0-0-0 9. Nd5 h5 10. b4 Bxd5 11. cxd5 Nxb4 12. Qb3 Na6 13. Ba3 Nc5 14. Bxc5 dxc5 15. d6 cxd6 16. Rab1 b6 17. Rfc1 g5 18. a4 Rdg8 19. a5 Bd8 20. d4 exd4 21. exd4 Qe6 22. Qb5 Qd7 23. Qa6+ Kb8 24. axb6 Bxb6 25. dxc5 d5 1-0

[Event "Bialystok-ch U18"]
[Site "Bialystok"]
[Date "2014.01.31"]
[Round "8"]
[White "Kurnicki, Mateusz"]
[Black "Widelski, Kacper"]
[Result "0-1"]
[WhiteElo "1473"]
[BlackElo "1612"]
[PlyCount "72"]
[EventDate "2014.01.27"]
[EventType "swiss"]
[EventRounds "9"]
[EventCountry "POL"]
[SourceTitle "EXT 2016"]
[Source "ChessBase"]
[SourceDate "2015.10.08"]
[SourceVersion "1"]
[SourceVersionDate "2015.10.08"]
[SourceQuality "1"]

1. c4 Nf6 2. g3 c5 3. Bg2 d5 4. cxd5 Nxd5 5. Nf3 Nc6 6. 0-0 e5 7. b3 f6 8. Bb2 Be6 9. Nc3 Nc7 10. d3 Be7 11. Nd2 Qd7 12. Rc1 Bh3 13. Nc4 Bxg2 14. Kxg2 0-0 15. Qd2 Rad8 16. Rcd1 Qg4 17. h3 Qg6 18. f3 f5 19. Kh2 Bf6 20. Qe1 b5 21. Nd2 Nd4 22. Qf2 Be7 23. f4 Bd6 24. e3 Nc6 25. Nf3 e4 26. dxe4 fxe4 27. Nd2 Be5 28. Ndxe4 Rxd1 29. Rxd1 b4 30. Nd5 Nxd5 31. Bxe5 Nxe5 32. Rxd5 Qxe4 33. Qg2 Nf3+ 34. Kh1 Qxd5 35. Qe2 Nd4+ 36. e4 Nxe2 0-1

[Event "Bialystok-ch U18"]
[Site "Bialystok"]
[Date "2014.01.29"]
[Round "4"]
[White "Widelski, Kacper"]
[Black "Rudnik, Anna"]
[Result "1/2-1/2"]
[WhiteElo "1612"]
[BlackElo "1728"]
[PlyCount "65"]
[EventDate "2014.01.27"]
[EventType "swiss"]
[EventRounds "9"]
[EventCountry "POL"]
[SourceTitle "EXT 2016"]
[Source "ChessBase"]
[SourceDate "2015.10.08"]
[SourceVersion "1"]
[SourceVersionDate "2015.10.08"]
[SourceQuality "1"]

1. Nf3 Nf6 2. d4 e6 3. e3 b6 4. Nbd2 Bb7 5. Bd3 d6 6. e4 Nbd7 7. 0-0 c5 8. c3 Be7 9. Re1 e5 10. dxe5 dxe5 11. Nf1 g6 12. Qa4 a6 13. Qc2 Qc7 14. a4 c4 15. Be2 Bxe4 16. Qd1 Rd8 17. N3d2 b5 18. axb5 axb5 19. Nxe4 Nxe4 20. Qc2 Nec5 21. Be3 0-0 22. f3 f5 23. Ra2 Ra8 24. Rea1 Qb7 25. Nd2 Rxa2 26. Rxa2 Ra8 27. b4 cxb3 28. Nxb3 Na4 29. Qd3 Rb8 30. c4 Nac5 31. Nxc5 Nxc5 32. Qc3 b4 33. Qxe5 1/2-1/2

[Event "Bialystok-ch U18"]
[Site "Bialystok"]
[Date "2014.01.27"]
[Round "1"]
[White "Dolata, Marcin"]
[Black "Widelski, Kacper"]
[Result "1/2-1/2"]
[WhiteElo "1286"]
[BlackElo "1612"]
[PlyCount "131"]
[EventDate "2014.01.27"]
[EventType "swiss"]
[EventRounds "9"]
[EventCountry "POL"]
[SourceTitle "EXT 2016"]
[Source "ChessBase"]
[SourceDate "2015.10.08"]
[SourceVersion "1"]
[SourceVersionDate "2015.10.08"]
[SourceQuality "1"]

1. e4 c5 2. Nf3 d6 3. d4 cxd4 4. Nxd4 Nf6 5. Nc3 a6 6. Bd3 e6 7. Nb3 b5 8. a3 Bb7 9. Bg5 Be7 10. 0-0 Nbd7 11. Bxf6 Bxf6 12. Qd2 0-0 13. Nc1 Qc7 14. N1e2 Ne5 15. Kh1 Rfd8 16. Qd1 Qc5 17. h3 Rab8 18. Rc1 Nc4 19. Bxc4 bxc4 20. Qe1 d5 21. exd5 exd5 22. Nd1 d4 23. Ng3 Qd5 24. f3 Bh4 25. Kh2 Qg5 26. Rb1 Re8 27. Qf2 f5 28. f4 Qf6 29. Rg1 Be4 30. Nxe4 Rxe4 31. g3 Qe6 32. Rg2 Bf6 33. Qf3 Re8 34. Nf2 Re2 35. Rc1 Qb6 36. b3 R8e3 37. Qd5+ Qe6 38. Qxe6+ Rxe6 39. bxc4 Rc6 40. c5 Rxc5 41. Nd3 Rxg2+ 42. Kxg2 Rc3 43. a4 Rc4 44. a5 Ra4 45. Rb1 Rxa5 46. Rb4 Kf7 47. Kf3 Ke6 48. g4 fxg4+ 49. hxg4 h6 50. Rb6+ Kd5 51. Rxa6 Rxa6 52. Nb4+ Kc4 53. Nxa6 Kc3 54. Ke4 g6 55. Nc5 Kxc2 56. g5 hxg5 57. fxg5 Bh8 58. Nd3 Kc3 59. Nf4 Kc2 60. Nd3 Bg7 61. Nb4+ Kd2 62. Nd3 Kc3 63. Nf4 Bf8 64. Kd5 Be7 65. Ne2+ Kd3 66. Nxd4 1/2-1/2

[Event "Bialystok-ch"]
[Site "Bialystok"]
[Date "2014.??.??"]
[Round "5"]
[White "Widelski, Kacper"]
[Black "Bartoszewicz, Marcin"]
[Result "0-1"]
[WhiteElo "1714"]
[BlackElo "1952"]
[PlyCount "30"]
[EventDate "2014.11.08"]
[EventType "swiss"]
[EventRounds "7"]
[EventCountry "POL"]
[SourceTitle "CBM 163 Extra"]
[Source "ChessBase"]
[SourceDate "2014.12.23"]
[SourceVersion "1"]
[SourceVersionDate "2014.12.23"]
[SourceQuality "1"]

1. d4 Nf6 2. Nf3 c5 3. d5 e6 4. dxe6 fxe6 5. c4 Be7 6. Nc3 0-0 7. e4 Nc6 8. Be2 d6 9. h3 Nd7 10. Be3 Nde5 11. Qd2 Nxf3+ 12. gxf3 e5 13. f4 exf4 14. Bxf4 Nd4 15. 0-0-0 Rxf4 0-1

[Event "Bialystok Zamenhof Memorial"]
[Site "Bialystok"]
[Date "2013.12.29"]
[Round "7"]
[White "Widelski, Kacper"]
[Black "Kaminski, Maciej"]
[Result "1-0"]
[WhiteElo "1612"]
[BlackElo "1425"]
[PlyCount "59"]
[EventDate "2013.12.27"]
[EventType "swiss"]
[EventRounds "9"]
[EventCountry "POL"]
[SourceTitle "EXT 2016"]
[Source "ChessBase"]
[SourceDate "2015.10.08"]
[SourceVersion "1"]
[SourceVersionDate "2015.10.08"]
[SourceQuality "1"]

1. Nf3 Nf6 2. d4 e6 3. e3 c5 4. Nbd2 d5 5. Be2 Nc6 6. 0-0 Bd6 7. b3 0-0 8. Bb2 Qc7 9. h3 e5 10. dxe5 Nxe5 11. c4 Rd8 12. Qc2 Be6 13. Rfd1 Rac8 14. Qc3 Ng6 15. cxd5 Bxd5 16. e4 Re8 17. Nc4 Bxc4 18. Bxc4 Rxe4 19. Bxf7+ Kxf7 20. Ng5+ Kg8 21. Nxe4 Nxe4 22. Qc4+ Kh8 23. Qxe4 Be5 24. Bxe5 Qxe5 25. Qxe5 Nxe5 26. Rd5 Ng6 27. Rad1 Kg8 28. Rd8+ Rxd8 29. Rxd8+ Kf7 30. Rd7+ 1-0

[Event "Bialystok Zamenhof Memorial"]
[Site "Bialystok"]
[Date "2013.12.28"]
[Round "6"]
[White "Cylwik, Zbigniew"]
[Black "Widelski, Kacper"]
[Result "1/2-1/2"]
[WhiteElo "1936"]
[BlackElo "1612"]
[PlyCount "62"]
[EventDate "2013.12.27"]
[EventType "swiss"]
[EventRounds "9"]
[EventCountry "POL"]
[SourceTitle "EXT 2016"]
[Source "ChessBase"]
[SourceDate "2015.10.08"]
[SourceVersion "1"]
[SourceVersionDate "2015.10.08"]
[SourceQuality "1"]

1. d4 Nf6 2. Nf3 e6 3. Bg5 Be7 4. e3 b6 5. Bd3 Bb7 6. Nbd2 c5 7. 0-0 0-0 8. c3 Ba6 9. Bxa6 Nxa6 10. Qe2 Nc7 11. e4 d5 12. dxc5 bxc5 13. exd5 Nfxd5 14. Bxe7 Qxe7 15. Ne4 Nf6 16. Rad1 Nxe4 17. Qxe4 Rab8 18. Qc2 Nd5 19. Ne5 Qb7 20. b3 Rfd8 21. Rd2 Nf4 22. f3 Rd5 23. Rfd1 f6 24. Nc4 Rbd8 25. Ne3 Rxd2 26. Rxd2 Rxd2 27. Qxd2 Nd5 28. Nxd5 Qxd5 29. Qxd5 exd5 30. Kf2 Kf7 31. b4 d4 1/2-1/2